Essential law for marketers
| Main Author: | Kolah, Ardi |
|---|---|
| Published: |
Oxford:
Butterworth-Heinemann,
2002.
|
| Subjects: |
| LEADER | 00569cam a2200169 7i4500 | ||
|---|---|---|---|
| 001 | 0000006511 | ||
| 005 | 20090706090000.0 | ||
| 020 | |a 0750655003 (pbk.) | ||
| 020 | |a 9780750655002 | ||
| 090 | 0 | 0 | |a KD2206.A13 |b K65 2002 |
| 100 | 1 | |a Kolah, Ardi | |
| 245 | 1 | 0 | |a Essential law for marketers |c Ardi Kolah. |
| 260 | |a Oxford: |b Butterworth-Heinemann, |c 2002. | ||
| 300 | |a xv, 424 p.: |b ill.; |c 25 cm. | ||
| 504 | |a Includes bibliographical references and index | ||
| 650 | 0 | 0 | |a Marketing -- |x Law and legislation -- |z England |
| 999 | |a 0000007386 |b BOK |c OPEN SHELF |e 1st Floor, Bestari Jaya | ||


